Statistics for New Zealand All Blacks Rugby Captains since WW2

Click here to take the quiz!

General Stats

  • This quiz has been taken 908 times
    (169 since last reset)
  • The average score is 21 of 50

Answer Stats

Games as CaptainYear(s)Answer% Correct
1102004-15Richard McCaw
98%
442012-2019Kieran Read
88%
511992-97Sean Fitzpatrick
84%
182017-2022Sam Whitelock
82%
12021Aaron Smith
80%
12017Ben Smith
77%
21949Johnny Smith
77%
12018Luke Whitelock
76%
192015-2022Sam Cane
76%
41971Colin Meads
71%
111986-87David Kirk
69%
212004-2005Tana Umaga
68%
42021Ardie Savea
63%
221998-2002Taine Randell
61%
141988-90Wayne Shelford
60%
232002-07Reuben Thorne
54%
102001Anton Oliver
51%
102000Todd Blackadder
51%
151990-91Gary Whetton
50%
41997Justin Marshall
50%
31978Frank Oliver
47%
32008-11Keven Mealamu
47%
21983Stu Wilson
47%
181966-1970Brian Lochore
45%
171981-85Andy Dalton
44%
12021Brodie Retallick
44%
191977-1982Graham Mourie
41%
91972-73Ian Kirkpatrick
40%
301958-1965Wilson Whineray
40%
32006-2007Jerry Collins
37%
32009Mils Muliaina
31%
12011Andrew Hore
29%
61946-49Fred Allen
27%
41985-86Jock Hobbs
27%
11995Paul Henderson
21%
52008-2009Rodney So'oialo
21%
41977Tane Norton
21%
11968Kel Tremain
20%
31980Dave Loveridge
19%
101974-76Andy Leslie
17%
31955Ian Clarke
15%
21957Ponty Reid
15%
11968Chris Laidlaw
10%
31964John Graham
9%
21956Bob Duff
6%
21952Kevin Skinner
6%
51953-54Bob Stuart
5%
51949-50Ron Elvidge
5%
41950-51Peter Johnstone
3%
21956Pat Vincent
1%

Score Distribution

Percentile by Number Answered

Percent of People with Each Score

Your Score History

You have not taken this quiz since the last reset